书目信息 |
| 题名: |
画法几何习题集
|
|
| 作者: | 谢培青 主编 ;周玉良 修订 | |
| 分册: | ||
| 出版信息: | 北京 中国建筑工业出版社 2008.06 |
|
| 页数: | 74页 | |
| 开本: | 19×26cm | |
| 丛书名: | ||
| 单 册: | ||
| 中图分类: | O185.2-44 | |
| 科图分类: | ||
| 主题词: | 画法几何--hua fa ji he--高等学校--习题集 | |
| 电子资源: | ||
| ISBN: | 978-7-112-09854-5 | |
| 000 | 00927nam0 2200265 450 | |
| 001 | 012009849820 | |
| 005 | 20091016115708.77 | |
| 010 | @a978-7-112-09854-5@dCNY19.00 | |
| 100 | @a20091016d2008 em y0chiy0120 ea | |
| 101 | 0 | @achi |
| 102 | @aCN@b110000 | |
| 105 | @aa z 000yy | |
| 106 | @ar | |
| 200 | 1 | @a画法几何习题集@Ahua fa ji he xi ti ji@f谢培青主编@Fxie pei qing zhu bian@g周玉良修订@Gzhou yu liang xiu ding |
| 205 | @a第2版 | |
| 210 | @a北京@c中国建筑工业出版社@d2008.06 | |
| 215 | @a74页@c图@d19×26cm | |
| 300 | @a高校建筑学与城市规划专业教材 | |
| 330 | @a本书系高等学校建筑学、城市规划等专业教材。全书分上、下两册,上册内容包括绪论、点和直线、平面、投影变换等。 | |
| 606 | 0 | @a画法几何@Ahua fa ji he@x高等学校@j习题集 |
| 690 | @aO185.2-44@v4 | |
| 701 | 0 | @a谢培青@Axie pei qing@4主编 |
| 702 | 0 | @a周玉良@Azhou yu liang@4修订 |
| 801 | 0 | @aCN@bQSSK@c20091016 |
| 905 | @b763793-97@dO185.2-44@eX455@f5 | |
| 画法几何习题集/谢培青主编/周玉良修订.-第2版.-北京:中国建筑工业出版社,2008.06 |
| 74页:图;19×26cm |
| 高校建筑学与城市规划专业教材 |
| ISBN 978-7-112-09854-5:CNY19.00 |
| 本书系高等学校建筑学、城市规划等专业教材。全书分上、下两册,上册内容包括绪论、点和直线、平面、投影变换等。 |
| ● |
| 相关链接 |
|
|
|
正题名:画法几何习题集
索取号:O185.2-44/X455
 
预约/预借
| 序号 | 登录号 | 条形码 | 馆藏地/架位号 | 状态 | 备注 |
| 1 | 763793 | 207637930 | 自科库401/401自科库 76排1列2层/ [索取号:O185.2-44/X455] | 在馆 | |
| 2 | 763794 | 207637949 | 自科库401/401自科库 76排1列2层/ [索取号:O185.2-44/X455] | 在馆 | |
| 3 | 763795 | 207637958 | 自科库401/401自科库 76排1列2层/ [索取号:O185.2-44/X455] | 在馆 | |
| 4 | 763796 | 207637967 | 自科库401/401自科库 76排1列2层/ [索取号:O185.2-44/X455] | 在馆 | |
| 5 | 763797 | 207637976 | 自科库401/401自科库 76排1列2层/ [索取号:O185.2-44/X455] | 在馆 |